Trainer vom Hamburger SV ab 2000 - Statistiken

Allgemein
  • Dieses Quiz wurde 49 mal gespielt
  • Das Durchschnittsergebnis liegt bei 19 aus 31
Antwortstatistiken
Amtszeit Antwort % Korrekt
1. Juni 2009 - 26. April 2010 Bruno Labbadia
87%
15. April 2015 - 25. September 2016 Bruno Labbadia
87%
12. Februar 2024 - 19. Februar 2024 Merlin Polzin
87%
24. November 2024 - Merlin Polzin
87%
16. Juni 2021 - 11. Februar 2024 Tim Walter
85%
20. Februar 2024 - 23. November 2024 Steffen Baumgart
78%
6. Juli 2020 - 2. Mai 2021 Daniel Thioune
74%
17. Februar 2014 - 15. September 2014 Mirko Slomka
74%
17. Juni 2019 - 30. Juni 2020 Dieter Hecking
72%
25. September 2013 - 15. Februar 2014 Bert van Marwijk
70%
13. März 2018 - 23. Oktober 2018 Christian Titz
70%
2. Februar 2007 - 30. Juni 2008 Huub Stevens
70%
23. Oktober 2018 - 19. Mai 2019 Hannes Wolf
65%
18. Oktober 2004 - 1. Februar 2007 Thomas Doll
65%
1. Juli 2008 - 26. Mai 2009 Martin Jol
63%
19. September 2011 - 10. Oktober 2011 Rodolfo Cardoso
61%
17. September 2013 - 24. September 2013 Rodolfo Cardoso
61%
17. Oktober 2011 - 17. September 2013 Thorsten Fink
61%
1. Juli 2010 - 13. März 2011 Armin Veh
59%
1. Juli 1997 - 17. September 2001 Frank Pagelsdorf
59%
3. Mai 2021 - 23. Mai 2021 Horst Hrubesch
59%
13. März 2011 - 19. September 2011 Michael Oenning
50%
22. Januar 2018 - 12. März 2018 Bernd Hollerbach
48%
23. Oktober 2003 - 17. Oktober 2004 Klaus Toppmöller
48%
26. September 2016 - 21. Januar 2018 Markus Gisdol
48%
10. Oktober 2011 - 16. Oktober 2011 Frank Arnesen
43%
16. September 2014 - 22. März 2015 Josef Zinnbauer
41%
22. März 2015 - 14. April 2015 Peter Knäbel
41%
4. Oktober 2001 - 22. Oktober 2003 Kurt Jara
37%
26. April 2010 - 30. Juni 2010 Ricardo Moniz
26%
18. September - 2001 3. Oktober 2001 Holger Hieronymus
13%
Keine übereinstimmenden Quizze gefunden
Verteilung der Resultate
Anzahl Personen mit jedem Resultat
Perzentil nach korrekt beantworteten Fragen
Ihre Resultats-Entwicklung
Sie haben dieses Quiz noch nicht gespielt